| 000 | 00532nmm a2200169Ia 4500 | ||
|---|---|---|---|
| 008 | 251105s9999||||xx |||||||||||||||||und|| | ||
| 020 | _a9788481695717 | ||
| 041 | _aspa | ||
| 100 | _aTosaus Abadía, José Pedro | ||
| 245 | 0 |
_aEl octógono sagrado : _b Breve introducción a la Biblia en cuatro lecciones |
|
| 264 |
_a[Madrid, España] : _bEditorial Verbo Divino, _c2012 |
||
| 300 | _a96 páginas | ||
| 490 | _aPalabra y Vida | ||
| 650 | _aReligion(s) | ||
| 856 | _uhttps://public.digitaliapublishing.com/a/20606 | ||
| 942 | _cCF | ||
| 999 |
_c85915 _d85915 |
||